01287nam a22002297a 4500001000700000003000900007005001700016008004100033020001800074040004400092041000800136082001700144100003700161245008100198260003200279300003600311505054400347650002100891942001200912999001900924952011400943114302DR-UNIBE20260119152159.0260116b2008 mx ||||| |||| 00| 0 spa d a9786071100085 aBIBLIOTECA UNIBEcBIBLIOTECA UNIBEerda aspa a 363.1 B961s aBurleigh, Michael9201632eautor10aSangre y rabia : buna historia cultural del terrorismo /cMichael Burleigh  aBarcelona :bTaurus, c2013 a736 páginas : bilustraciones aCapítulo 1. Verde: los dinamiteros fenianos | Capítulo 2. Rojo: nihilistas y revolucionarios rusos | Capítulo 3. Negro: los anarquistas y el terrorismo | Capítulo 4. Muerte al sol: terrorismo y descolonización | Capítulo 5. Llamar la atención: septiembre negro y el terrorismo internacional | Capítulo 6. Jóvenes blancos y culpables: las brigadas rojas Y la facción del ejército rojo | Capítulo 7. El terror en los países pequeños | Capítulo 8. Rabia mundial: terrorismo islámico |  72lembaTerrorismo 2ddccBK c114302d114302 00102ddc708GENaPrincipald2025-12-01l0o 363.1 B961sp260016r2026-01-19 15:23:03tEj. 1w2026-01-19yBK